Guess the actress - Statistics

General Stats
  • This quiz has been taken 45 times
  • The average score is 9 of 16
Answer Stats
Picture Answer % Correct
Margot Robbie
93%
Emma Stone
88%
Selena Gomez
86%
Jennifer Lawrence
83%
Kate Winslet
76%
Emily Blunt
67%
Sandra Oh
60%
Saoirse Ronan
55%
Brie Larson
50%
Charlize Theron
50%
Michelle Yeoh
48%
Viola Davis
45%
Halle Bailey
29%
Tessa Thompson
26%
Gemma Chan
17%
Issa Rae
12%
No matching quizzes found
Score Distribution
Percent of People with Each Score
Percentile by Number Answered
Your Score History
You have not taken this quiz